Estadísticas para Comunidades Autónomas de España

Haz click aquí para intentar la prueba.

Estadísticas generales

  • Esta prueba ha sido intentada 15.673 veces
  • La puntuación promedio es 15 de 17

Respuestas en el mapa

Las respuestas están codificadas por una escala verde-roja en el mapa de la prueba según el % correcto abajo.
 

Estadísticas de respuestas

Comunidad% Correcto
Madrid
98%
Andalucía
97%
Cataluña
97%
Galicia
95%
Islas Canarias
95%
Castilla y León
94%
Castilla-
La Mancha
92%
Islas Baleares
92%
País Vasco
92%
Murcia
90%
Comunidad Valenciana
89%
Aragón
88%
Asturias
88%
Extremadura
88%
La Rioja
85%
Navarra
84%
Cantabria
82%

Distribución de puntuación

Porcentaje por número respondido

Porcentaje de gente con cada puntuación

Historial de tus puntuaciones

No has intentado esta prueba.